<?xml version="1.0" encoding="UTF-8"?>
<record
    xmlns:xsi="http://www.w3.org/2001/XMLSchema-instance"
    xsi:schemaLocation="http://www.loc.gov/MARC21/slim http://www.loc.gov/standards/marcxml/schema/MARC21slim.xsd"
    xmlns="http://www.loc.gov/MARC21/slim">

  <leader>02058    a2200253   4500</leader>
  <datafield tag="999" ind1=" " ind2=" ">
    <subfield code="c">352168</subfield>
    <subfield code="d">352168</subfield>
  </datafield>
  <controlfield tag="003">OSt</controlfield>
  <controlfield tag="005">20180116192325.0</controlfield>
  <controlfield tag="008">110810t2003    xxu||||| |||| 00| 0 eng d</controlfield>
  <datafield tag="020" ind1=" " ind2=" ">
    <subfield code="a">9040724652 (paperback)</subfield>
  </datafield>
  <datafield tag="020" ind1=" " ind2=" ">
    <subfield code="a">9789040724657 (paperback)</subfield>
  </datafield>
  <datafield tag="040" ind1=" " ind2=" ">
    <subfield code="c">0</subfield>
  </datafield>
  <datafield tag="082" ind1="0" ind2="4">
    <subfield code="a">720.47</subfield>
  </datafield>
  <datafield tag="100" ind1="1" ind2=" ">
    <subfield code="a">Hartog, Johannes Peter Den.</subfield>
    <subfield code="9">39</subfield>
  </datafield>
  <datafield tag="245" ind1="1" ind2="0">
    <subfield code="a">Designing indoor climate :</subfield>
    <subfield code="b">a thesis on the integration of indoor climate analysis in architectural design /</subfield>
    <subfield code="c">Johannes Peter Den Hartog.</subfield>
  </datafield>
  <datafield tag="260" ind1=" " ind2=" ">
    <subfield code="a">[S.l.] :</subfield>
    <subfield code="b">Delft Univ Pr,</subfield>
    <subfield code="c">2003.</subfield>
  </datafield>
  <datafield tag="300" ind1=" " ind2=" ">
    <subfield code="a">229 p. ;</subfield>
    <subfield code="c">24 cm.</subfield>
  </datafield>
  <datafield tag="520" ind1=" " ind2=" ">
    <subfield code="a">This is a Ph.D. dissertation. In contemporary architecture education, indoor climate and building installations suffer from a lack of popularity. Students of architecture, filled with great expectations and awe for the famous designers of the 20th century, find inspiration in examples such as Le Corbusier's Villa Savoy, Lloyd Wright's falling water or the Rietveld's Schroder house. Recognizable as this may be, great aesthetics constitute only a small part of creating architecture. The process of designing and constructing buildings comprises the involvement of a multitude of skills such as creating clear functional layouts, designing solid structures and taking care healthy indoor climates. Most textbooks and magazines contemporary architecture do not cover the less attractive aspects of the indoor climate such as heating, ventilation and cooling unless these services form an important part of the buildings aesthetic identity. Recent examples regarding the integ! ration of second skin facades and natural ventilation in indoor climate, sometimes fail to convince as a result of the lack of thorough evaluations and detailed information.</subfield>
  </datafield>
  <datafield tag="650" ind1=" " ind2=" ">
    <subfield code="a">Architecture and climate</subfield>
    <subfield code="9">40</subfield>
  </datafield>
  <datafield tag="650" ind1=" " ind2=" ">
    <subfield code="a">Dwellings</subfield>
    <subfield code="x">Environmental engineering</subfield>
    <subfield code="9">41</subfield>
  </datafield>
  <datafield tag="650" ind1=" " ind2=" ">
    <subfield code="a">Housing and health</subfield>
    <subfield code="9">42</subfield>
  </datafield>
  <datafield tag="856" ind1="4" ind2="0">
    <subfield code="3">Amazon.com</subfield>
    <subfield code="u">http://www.amazon.com/exec/obidos/ASIN/9040724652/chopaconline-20</subfield>
  </datafield>
  <datafield tag="942" ind1=" " ind2=" ">
    <subfield code="2">ddc</subfield>
    <subfield code="c">BK</subfield>
  </datafield>
  <datafield tag="952" ind1=" " ind2=" ">
    <subfield code="0">0</subfield>
    <subfield code="1">0</subfield>
    <subfield code="2">ddc</subfield>
    <subfield code="4">0</subfield>
    <subfield code="7">0</subfield>
    <subfield code="a">SADA</subfield>
    <subfield code="b">SADA</subfield>
    <subfield code="d">2010-09-17</subfield>
    <subfield code="l">1</subfield>
    <subfield code="o">720.47 HAR 2003</subfield>
    <subfield code="p">SADA0000136</subfield>
    <subfield code="r">2024-09-19</subfield>
    <subfield code="s">2024-08-29</subfield>
    <subfield code="v">6428.00</subfield>
    <subfield code="w">2011-08-05</subfield>
    <subfield code="y">BK</subfield>
  </datafield>
</record>
